[Event "MCR zen 2023-blesk"]
[Site "?"]
[Date "2023.05.11"]
[Round "7.1"]
[White "Sikorova, Olga"]
[Black "Novosadova, Kristyna"]
[Result "1-0"]
[BlackElo "2094"]
[WhiteElo "2146"]
[LiveChessVersion "1.4.8"]

1. c4 {[%clk 0:03:03]} g6 {[%clk 0:03:01]} 2. Nc3 {[%clk 0:03:02]} Nf6
{[%clk 0:02:44]} 3. g3 {[%clk 0:02:59]} e5 {[%clk 0:02:44]} 4. Bg2
{[%clk 0:02:56]} Bg7 {[%clk 0:02:44]} 5. e4 {[%clk 0:02:57]} O-O {[%clk 0:02:42]}
6. Nge2 {[%clk 0:02:57]} d6 {[%clk 0:02:43]} 7. O-O {[%clk 0:02:51]} Nc6
{[%clk 0:02:43]} 8. d3 {[%clk 0:02:47]} h6 {[%clk 0:02:43]} 9. h3
{[%clk 0:02:40]} Kh7 {[%clk 0:02:44]} 10. Nd5 {[%clk 0:02:08]} Be6
{[%clk 0:02:42]} 11. f4 {[%clk 0:01:44]} Bxd5 {[%clk 0:02:12]} 12. cxd5
{[%clk 0:01:38]} Nb8 {[%clk 0:01:43]} 13. d4 {[%clk 0:01:29]} Nfd7
{[%clk 0:01:35]} 14. dxe5 {[%clk 0:01:29]} dxe5 {[%clk 0:01:35]} 15. f5
{[%clk 0:01:29]} g5 {[%clk 0:01:28]} 16. Be3 {[%clk 0:01:22]} f6 {[%clk 0:01:17]}
17. Qd2 {[%clk 0:01:23]} Rf7 {[%clk 0:01:16]} 18. Bf3 {[%clk 0:01:17]} Bf8
{[%clk 0:01:15]} 19. Bh5 {[%clk 0:01:16]} Rg7 {[%clk 0:01:14]} 20. Bg6+
{[%clk 0:01:12]} Kh8 {[%clk 0:01:13]} 21. h4 {[%clk 0:01:02]} Na6
{[%clk 0:01:12]} 22. hxg5 {[%clk 0:00:57]} hxg5 {[%clk 0:00:56]} 23. Kg2
{[%clk 0:00:56]} Bc5 {[%clk 0:00:49]} 24. Rh1+ {[%clk 0:00:51]} Kg8
{[%clk 0:00:51]} 25. Nc3 {[%clk 0:00:41]} Nf8 {[%clk 0:00:48]} 26. Bh5
{[%clk 0:00:40]} Nd7 {[%clk 0:00:46]} 27. Bd1 {[%clk 0:00:39]} Kf7
{[%clk 0:00:40]} 28. Bh5+ {[%clk 0:00:40]} Ke7 {[%clk 0:00:41]} 29. d6+
{[%clk 0:00:35]} Bxd6 {[%clk 0:00:21]} 30. Nd5+ {[%clk 0:00:36]} Kf8
{[%clk 0:00:23]} 31. Bg6 {[%clk 0:00:35]} Rg8 {[%clk 0:00:22]} 32. Rh7
{[%clk 0:00:32]} Rg7 {[%clk 0:00:19]} 33. Rxg7 {[%clk 0:00:31]} Kxg7
{[%clk 0:00:19]} 34. Rh1 {[%clk 0:00:28]} Nf8 {[%clk 0:00:20]} 35. Qe2
{[%clk 0:00:26]} Nxg6 {[%clk 0:00:07]} 36. fxg6 {[%clk 0:00:27]} Bf8
{[%clk 0:00:05]} 37. Rh7+ {[%clk 0:00:26]} Kg8 {[%clk 0:00:04]} 38. Qh5
{[%clk 0:00:26]} Bg7 {[%clk 0:00:05]} 39. Rxg7+ {[%clk 0:00:24]} 1-0

[Event "MCR zen 2023"]
[Site "?"]
[Date "2023.05.13"]
[Round "5.1"]
[White "Movsesian, Julia"]
[Black "Richterova, Natasa"]
[Result "1-0"]
[BlackElo "2191"]
[WhiteElo "2239"]
[LiveChessVersion "1.4.8"]

1. e4 {[%clk 1:30:53]} e5 {[%clk 1:30:42]} 2. Nf3 {[%clk 1:31:12]} Nc6
{[%clk 1:31:08]} 3. Bb5 {[%clk 1:31:21]} Nf6 {[%clk 1:30:48]} 4. d3
{[%clk 1:31:45]} Bc5 {[%clk 1:30:30]} 5. Nc3 {[%clk 1:26:25]} a6 {[%clk 1:21:20]}
6. Ba4 {[%clk 1:26:04]} h6 {[%clk 1:15:53]} 7. a3 {[%clk 1:23:27]} b5
{[%clk 1:14:07]} 8. Bb3 {[%clk 1:23:56]} O-O {[%clk 1:14:09]} 9. Nd5
{[%clk 1:22:58]} Re8 {[%clk 1:07:35]} 10. c3 {[%clk 1:19:02]} Rb8
{[%clk 1:00:35]} 11. Nxf6+ {[%clk 1:16:58]} Qxf6 {[%clk 1:00:50]} 12. g4
{[%clk 1:17:00]} Na5 {[%clk 0:47:25]} 13. Bd5 {[%clk 0:56:39]} c6
{[%clk 0:40:43]} 14. g5 {[%clk 0:52:46]} hxg5 {[%clk 0:25:40]} 15. Bxg5
{[%clk 0:52:46]} Qg6 {[%clk 0:25:57]} 16. Ba2 {[%clk 0:52:06]} Bf8
{[%clk 0:21:38]} 17. Rg1 {[%clk 0:47:17]} Qh5 {[%clk 0:16:44]} 18. Be3
{[%clk 0:41:30]} d6 {[%clk 0:13:09]} 19. Rg5 {[%clk 0:34:52]} Qh3
{[%clk 0:10:54]} 20. Qe2 {[%clk 0:32:32]} Be6 {[%clk 0:11:01]} 21. Rg3
{[%clk 0:29:55]} Qh5 {[%clk 0:11:24]} 22. Rg5 {[%clk 0:25:42]} Qh3
{[%clk 0:11:19]} 23. Ng1 {[%clk 0:24:20]} Qh7 {[%clk 0:10:39]} 24. Bxe6
{[%clk 0:24:15]} Rxe6 {[%clk 0:11:04]} 25. Rh5 {[%clk 0:24:34]} Qg6
{[%clk 0:11:22]} 26. O-O-O {[%clk 0:24:53]} f6 {[%clk 0:06:20]} 27. Nh3
{[%clk 0:24:53]} Qe8 {[%clk 0:06:44]} 28. Qg4 {[%clk 0:23:47]} Kf7
{[%clk 0:07:03]} 29. f4 {[%clk 0:24:11]} Re7 {[%clk 0:04:35]} 30. Rf1
{[%clk 0:22:38]} Rd7 {[%clk 0:03:14]} 31. fxe5 {[%clk 0:22:40]} dxe5
{[%clk 0:03:33]} 32. Rxe5 {[%clk 0:22:36]} Qxe5 {[%clk 0:02:29]} 33. Qxd7+
{[%clk 0:22:51]} Qe7 {[%clk 0:02:16]} 34. Qf5 {[%clk 0:22:01]} Ke8
{[%clk 0:01:58]} 35. Nf4 {[%clk 0:21:51]} Nb7 {[%clk 0:01:41]} 36. Ne6
{[%clk 0:21:27]} a5 {[%clk 0:00:47]} 37. Bf4 {[%clk 0:20:43]} Nd6
{[%clk 0:00:53]} 38. Bxd6 {[%clk 0:19:05]} Qxd6 {[%clk 0:01:16]} 39. e5
{[%clk 0:19:26]} Qe7 {[%clk 0:01:00]} 40. exf6 {[%clk 0:19:21]} gxf6
{[%clk 0:01:25]} 41. Nxf8 {[%clk 0:18:33]} Kxf8 {[%clk 0:28:47]} 42. Qxf6+
{[%clk 0:48:56]} 1-0

[Event "MCR zen 2023"]
[Site "?"]
[Date "2023.05.13"]
[Round "5.2"]
[White "Pilsova, Karolina"]
[Black "Sikorova, Olga"]
[Result "1-0"]
[BlackElo "2158"]
[WhiteElo "2260"]
[LiveChessVersion "1.4.8"]

1. e4 {[%clk 1:30:57]} c5 {[%clk 1:30:53]} 2. Nf3 {[%clk 1:31:19]} a6
{[%clk 1:31:10]} 3. c4 {[%clk 1:30:58]} e6 {[%clk 1:31:28]} 4. Nc3
{[%clk 1:31:07]} Qc7 {[%clk 1:31:47]} 5. g3 {[%clk 1:28:17]} b6 {[%clk 1:31:20]}
6. Bg2 {[%clk 1:27:40]} Bb7 {[%clk 1:31:14]} 7. O-O {[%clk 1:27:11]} Nc6
{[%clk 1:28:53]} 8. b3 {[%clk 1:24:44]} Nf6 {[%clk 1:17:47]} 9. Re1
{[%clk 1:17:41]} d6 {[%clk 1:15:21]} 10. d4 {[%clk 1:11:58]} cxd4
{[%clk 1:12:45]} 11. Nxd4 {[%clk 1:12:21]} Be7 {[%clk 1:12:26]} 12. Nde2
{[%clk 1:06:32]} O-O {[%clk 1:11:38]} 13. h3 {[%clk 1:06:20]} Rac8
{[%clk 1:07:26]} 14. Be3 {[%clk 1:06:19]} Nd7 {[%clk 1:02:51]} 15. Qd2
{[%clk 1:01:18]} Qb8 {[%clk 1:00:08]} 16. Rab1 {[%clk 0:56:25]} Bd8
{[%clk 0:54:53]} 17. Red1 {[%clk 0:51:19]} Bc7 {[%clk 0:54:27]} 18. Nf4
{[%clk 0:50:46]} Nf6 {[%clk 0:50:30]} 19. Qe2 {[%clk 0:44:57]} Ne7
{[%clk 0:41:11]} 20. Bc1 {[%clk 0:38:40]} Rfe8 {[%clk 0:36:49]} 21. Qf3
{[%clk 0:31:57]} b5 {[%clk 0:27:16]} 22. Nh5 {[%clk 0:22:12]} Nxh5
{[%clk 0:25:28]} 23. Qxh5 {[%clk 0:22:40]} bxc4 {[%clk 0:23:51]} 24. bxc4
{[%clk 0:21:52]} Qa8 {[%clk 0:23:15]} 25. Ba3 {[%clk 0:19:40]} Ng6
{[%clk 0:19:41]} 26. Rb3 {[%clk 0:13:16]} Red8 {[%clk 0:17:36]} 27. Rd4
{[%clk 0:03:53]} Qa7 {[%clk 0:06:34]} 28. Qd1 {[%clk 0:02:13]} Bb6
{[%clk 0:03:04]} 29. c5 {[%clk 0:01:36]} dxc5 {[%clk 0:02:23]} 30. Rxd8+
{[%clk 0:01:02]} Bxd8 {[%clk 0:00:51]} 31. Qd7 {[%clk 0:01:24]} Rb8
{[%clk 0:01:04]} 32. Rxb7 {[%clk 0:00:41]} Rxb7 {[%clk 0:01:02]} 33. Qxd8+
{[%clk 0:00:50]} Nf8 {[%clk 0:01:32]} 34. Na4 {[%clk 0:00:32]} Rb8
{[%clk 0:01:37]} 35. Qd6 {[%clk 0:00:38]} h6 {[%clk 0:00:53]} 36. Bxc5
{[%clk 0:00:40]} Qb7 {[%clk 0:00:48]} 37. Nb6 {[%clk 0:00:46]} Re8
{[%clk 0:00:51]} 38. e5 {[%clk 0:01:00]} Qb8 {[%clk 0:01:14]} 39. a4
{[%clk 0:00:38]} f6 {[%clk 0:00:50]} 40. exf6 {[%clk 0:00:32]} gxf6
{[%clk 0:01:11]} 41. Qd4 {[%clk 0:26:23]} Qc7 {[%clk 0:29:59]} 42. Qg4+
{[%clk 0:13:57]} Kf7 {[%clk 0:24:33]} 43. Qh5+ {[%clk 0:12:09]} Ng6
{[%clk 0:24:48]} 44. Be3 {[%clk 0:09:29]} Qc2 {[%clk 0:23:51]} 45. Kh2
{[%clk 0:07:09]} Rd8 {[%clk 0:22:10]} 46. Qf3 {[%clk 0:06:38]} a5
{[%clk 0:17:45]} 47. Qb7+ {[%clk 0:06:22]} Ne7 {[%clk 0:18:09]} 48. Bf3
{[%clk 0:06:19]} Qf5 {[%clk 0:15:16]} 49. Kg2 {[%clk 0:04:59]} h5
{[%clk 0:14:29]} 50. Qc7 {[%clk 0:04:58]} Re8 {[%clk 0:08:54]} 51. Nc4
{[%clk 0:04:50]} 1-0

[Event "MCR zen 2023"]
[Site "?"]
[Date "2023.05.14"]
[Round "6.1"]
[White "Richterova, Natasa"]
[Black "Movsesian, Julia"]
[Result "1/2-1/2"]
[BlackElo "2239"]
[WhiteElo "2191"]
[LiveChessVersion "1.4.8"]

1. d4 {[%clk 1:30:58]} Nf6 {[%clk 1:30:30]} 2. c4 {[%clk 1:31:06]} e6
{[%clk 1:30:54]} 3. Nf3 {[%clk 1:31:33]} d5 {[%clk 1:31:17]} 4. cxd5
{[%clk 1:31:41]} exd5 {[%clk 1:31:32]} 5. Nc3 {[%clk 1:32:05]} h6
{[%clk 1:30:03]} 6. Bf4 {[%clk 1:32:22]} Bd6 {[%clk 1:28:22]} 7. Bxd6
{[%clk 1:32:29]} Qxd6 {[%clk 1:28:43]} 8. Qc2 {[%clk 1:32:37]} O-O
{[%clk 1:20:49]} 9. e3 {[%clk 1:31:34]} a6 {[%clk 1:19:33]} 10. a3
{[%clk 1:29:05]} Nbd7 {[%clk 1:17:30]} 11. Rc1 {[%clk 1:28:27]} Qe7
{[%clk 1:14:19]} 12. Be2 {[%clk 1:26:24]} c6 {[%clk 1:13:42]} 13. O-O
{[%clk 1:21:58]} Ne4 {[%clk 1:13:15]} 14. b4 {[%clk 1:17:01]} Ng5
{[%clk 1:09:08]} 15. Qb3 {[%clk 1:16:03]} Nxf3+ {[%clk 1:08:45]} 16. Bxf3
{[%clk 1:15:22]} Nf6 {[%clk 1:08:06]} 17. a4 {[%clk 1:14:45]} Bf5
{[%clk 1:08:09]} 18. Rfe1 {[%clk 1:06:43]} Rfe8 {[%clk 1:07:10]} 19. h3
{[%clk 1:04:37]} Qd6 {[%clk 1:06:45]} 20. b5 {[%clk 0:55:42]} axb5
{[%clk 1:06:38]} 21. axb5 {[%clk 0:56:11]} Ra3 {[%clk 1:06:08]} 22. Qb2
{[%clk 0:52:38]} Rea8 {[%clk 1:06:22]} 23. bxc6 {[%clk 0:52:56]} bxc6
{[%clk 1:06:43]} 24. Ra1 {[%clk 0:51:50]} Bd3 {[%clk 1:02:01]} 25. Rxa3
{[%clk 0:44:13]} Qxa3 {[%clk 1:01:21]} 26. Qxa3 {[%clk 0:37:01]} Rxa3
{[%clk 1:01:45]} 27. Rc1 {[%clk 0:37:27]} Kf8 {[%clk 1:00:05]} 28. Bd1
{[%clk 0:31:20]} Ne4 {[%clk 0:46:07]} 29. Nxe4 {[%clk 0:24:02]} dxe4
{[%clk 0:45:21]} 30. Bg4 {[%clk 0:24:21]} Ra6 {[%clk 0:37:39]} 31. Bd7
{[%clk 0:22:55]} Bb5 {[%clk 0:34:00]} 32. Bf5 {[%clk 0:17:48]} Bd3
{[%clk 0:33:54]} 33. Bd7 {[%clk 0:18:15]} Bb5 {[%clk 0:34:20]} 34. d5
{[%clk 0:16:56]} Ke7 {[%clk 0:34:45]} 35. dxc6 {[%clk 0:13:38]} f6
{[%clk 0:34:38]} 36. Rc5 {[%clk 0:13:34]} Rb6 {[%clk 0:34:19]} 37. Bf5
{[%clk 0:11:23]} Bxc6 {[%clk 0:33:55]} 38. Rc4 {[%clk 0:11:46]} Kf7
{[%clk 0:32:12]} 39. g4 {[%clk 0:06:26]} Bd5 {[%clk 0:29:52]} 40. Rd4
{[%clk 0:01:37]} Rb5 {[%clk 0:30:14]} 41. Kh2 {[%clk 0:19:15]} Bc6
{[%clk 0:58:10]} 42. Rc4 {[%clk 0:18:04]} Bd5 {[%clk 0:58:32]} 43. Rc7+
{[%clk 0:14:29]} Kf8 {[%clk 0:58:54]} 44. Rc8+ {[%clk 0:13:31]} Ke7
{[%clk 0:58:32]} 45. Rc7+ {[%clk 0:13:48]} Kf8 {[%clk 0:58:57]} 46. Bg6
{[%clk 0:13:47]} Rb4 {[%clk 0:54:54]} 47. Kg3 {[%clk 0:10:06]} Ra4
{[%clk 0:54:34]} 48. Rc8+ {[%clk 0:10:18]} Ke7 {[%clk 0:54:55]} 49. Rc7+
{[%clk 0:10:41]} Kf8 {[%clk 0:55:24]} 50. Rc5 {[%clk 0:07:13]} Be6
{[%clk 0:55:48]} 51. Rb5 {[%clk 0:05:02]} Rc4 {[%clk 0:56:02]} 52. Rb8+
{[%clk 0:03:54]} Ke7 {[%clk 0:56:30]} 53. Rb7+ {[%clk 0:03:20]} Kf8
{[%clk 0:57:00]} 54. Rb6 {[%clk 0:03:13]} Ke7 {[%clk 0:57:08]} 55. Bh7
{[%clk 0:03:30]} Ra4 {[%clk 0:57:15]} 56. Bg6 {[%clk 0:03:20]} Rc4
{[%clk 0:57:23]} 57. Ra6 {[%clk 0:03:45]} Rb4 {[%clk 0:57:36]} 58. Kg2
{[%clk 0:03:25]} Rc4 {[%clk 0:56:29]} 59. Ra7+ {[%clk 0:02:33]} Kf8
{[%clk 0:56:52]} 60. Rb7 {[%clk 0:02:41]} Ra4 {[%clk 0:57:08]} 61. Kg3
{[%clk 0:02:46]} Rc4 {[%clk 0:55:25]} 62. Rb2 {[%clk 0:03:03]} Ke7
{[%clk 0:55:05]} 63. Kf4 {[%clk 0:03:02]} Ra4 {[%clk 0:46:13]} 64. Rd2
{[%clk 0:02:09]} Bf7 {[%clk 0:45:12]} 65. Bxe4 {[%clk 0:00:59]} h5
{[%clk 0:45:17]} 66. Rd4 {[%clk 0:00:38]} g5+ {[%clk 0:42:00]} 67. Kf3
{[%clk 0:00:57]} hxg4+ {[%clk 0:42:03]} 68. hxg4 {[%clk 0:00:36]} Ra7
{[%clk 0:38:03]} 69. Bf5 {[%clk 0:00:53]} Ba2 {[%clk 0:37:51]} 70. Ke4
{[%clk 0:01:01]} Rb7 {[%clk 0:35:42]} 71. Kf3 {[%clk 0:00:57]} Bb3
{[%clk 0:35:49]} 72. Kg3 {[%clk 0:01:22]} Ra7 {[%clk 0:35:21]} 73. Rb4
{[%clk 0:01:40]} Bd5 {[%clk 0:35:05]} 74. Rb5 {[%clk 0:01:20]} Bc6
{[%clk 0:30:14]} 75. Rb6 {[%clk 0:01:37]} Bd5 {[%clk 0:30:31]} 76. Rb1
{[%clk 0:00:39]} Bc6 {[%clk 0:30:21]} 77. Rc1 {[%clk 0:00:39]} Kd6
{[%clk 0:29:24]} 78. Rc3 {[%clk 0:00:40]} Ra1 {[%clk 0:29:03]} 79. f3
{[%clk 0:00:37]} Rf1 {[%clk 0:27:14]} 80. e4 {[%clk 0:00:38]} Rg1+
{[%clk 0:27:25]} 81. Kf2 {[%clk 0:00:58]} Ra1 {[%clk 0:27:50]} 82. Bg6
{[%clk 0:00:33]} Bb5 {[%clk 0:25:33]} 83. Bf7 {[%clk 0:00:54]} Rd1
{[%clk 0:25:06]} 84. Rc2 {[%clk 0:00:35]} Bd3 {[%clk 0:24:22]} 85. Ra2
{[%clk 0:00:35]} Bb5 {[%clk 0:23:31]} 86. Rc2 {[%clk 0:00:37]} Rf1+
{[%clk 0:23:40]} 87. Kg2 1/2-1/2

[Event "MCR zen 2023"]
[Site "?"]
[Date "2023.05.14"]
[Round "6.2"]
[White "Sikorova, Olga"]
[Black "Pilsova, Karolina"]
[Result "1/2-1/2"]
[BlackElo "2260"]
[WhiteElo "2158"]
[LiveChessVersion "1.4.8"]

1. Nf3 {[%clk 1:30:58]} d5 {[%clk 1:30:51]} 2. g3 {[%clk 1:31:08]} Nf6
{[%clk 1:31:09]} 3. Bg2 {[%clk 1:31:31]} c6 {[%clk 1:30:51]} 4. O-O
{[%clk 1:31:47]} Bg4 {[%clk 1:29:59]} 5. d3 {[%clk 1:31:42]} Nbd7
{[%clk 1:29:19]} 6. h3 {[%clk 1:30:12]} Bh5 {[%clk 1:28:26]} 7. Nbd2
{[%clk 1:27:34]} e6 {[%clk 1:27:42]} 8. e4 {[%clk 1:27:09]} Be7 {[%clk 1:09:06]}
9. Qe1 {[%clk 1:27:12]} dxe4 {[%clk 1:05:20]} 10. dxe4 {[%clk 1:23:55]} Nc5
{[%clk 1:05:38]} 11. b4 {[%clk 1:20:34]} Na4 {[%clk 1:00:36]} 12. Nb3
{[%clk 1:19:30]} Bg6 {[%clk 0:53:23]} 13. Ne5 {[%clk 1:16:57]} Nd7
{[%clk 0:53:15]} 14. Nxd7 {[%clk 1:01:33]} Qxd7 {[%clk 0:53:42]} 15. Bf4
{[%clk 1:01:03]} Rd8 {[%clk 0:51:12]} 16. a3 {[%clk 0:58:45]} O-O
{[%clk 0:39:40]} 17. Bf3 {[%clk 0:48:36]} c5 {[%clk 0:34:34]} 18. Qe3
{[%clk 0:38:25]} Qb5 {[%clk 0:31:55]} 19. Na5 {[%clk 0:24:50]} cxb4
{[%clk 0:19:35]} 20. axb4 {[%clk 0:25:17]} Bxb4 {[%clk 0:19:18]} 21. Nxb7
{[%clk 0:21:57]} Qxb7 {[%clk 0:14:19]} 22. Rxa4 {[%clk 0:22:25]} a5
{[%clk 0:13:43]} 23. Qb3 {[%clk 0:13:13]} Bxe4 {[%clk 0:09:07]} 24. Bxe4
{[%clk 0:12:37]} Qxe4 {[%clk 0:09:35]} 25. Bc7 {[%clk 0:12:46]} Rd4
{[%clk 0:04:13]} 26. Bb6 {[%clk 0:12:00]} Rd5 {[%clk 0:03:01]} 27. Bxa5
{[%clk 0:09:27]} Rxa5 {[%clk 0:03:29]} 28. Rxb4 {[%clk 0:09:43]} Qf5
{[%clk 0:03:49]} 29. h4 {[%clk 0:09:08]} h5 {[%clk 0:03:18]} 30. c4
{[%clk 0:07:47]} Rc5 {[%clk 0:02:39]} 31. Rb5 {[%clk 0:07:56]} Rfc8
{[%clk 0:02:31]} 32. Rxc5 {[%clk 0:08:15]} Qxc5 {[%clk 0:02:52]} 33. Rc1
{[%clk 0:08:35]} e5 {[%clk 0:02:44]} 34. Rc3 {[%clk 0:07:33]} g6 {[%clk 0:01:59]}
35. Qc2 {[%clk 0:07:13]} Rd8 {[%clk 0:01:58]} 36. Rd3 {[%clk 0:02:37]} Rc8
{[%clk 0:01:42]} 37. Rc3 {[%clk 0:03:00]} Rd8 {[%clk 0:02:06]} 38. Rd3
{[%clk 0:01:30]} Rc8 {[%clk 0:02:28]} 39. Qe2 {[%clk 0:01:15]} Qxc4
{[%clk 0:00:47]} 40. Rd8+ {[%clk 0:01:39]} Kh7 {[%clk 0:01:12]} 41. Qxc4
{[%clk 0:30:13]} Rxc4 {[%clk 0:31:29]} 1/2-1/2

[Event "MCR zen 2023"]
[Site "?"]
[Date "2023.05.15"]
[Round "7.1"]
[White "Pilsova, Karolina"]
[Black "Movsesian, Julia"]
[Result "0-1"]
[BlackElo "2239"]
[WhiteElo "2260"]
[LiveChessVersion "1.4.8"]

1. e4 {[%clk 1:30:57]} e5 {[%clk 1:30:50]} 2. Nf3 {[%clk 1:31:18]} Nc6
{[%clk 1:31:14]} 3. Bb5 {[%clk 1:31:42]} a6 {[%clk 1:31:37]} 4. Ba4
{[%clk 1:32:06]} Nf6 {[%clk 1:31:54]} 5. O-O {[%clk 1:32:19]} Be7
{[%clk 1:32:07]} 6. Re1 {[%clk 1:32:35]} b5 {[%clk 1:32:07]} 7. Bb3
{[%clk 1:33:00]} d6 {[%clk 1:32:00]} 8. c3 {[%clk 1:33:17]} O-O {[%clk 1:32:14]}
9. h3 {[%clk 1:33:38]} Nb8 {[%clk 1:32:40]} 10. d4 {[%clk 1:27:37]} Nbd7
{[%clk 1:32:59]} 11. c4 {[%clk 1:27:33]} bxc4 {[%clk 1:16:27]} 12. Bxc4
{[%clk 1:27:47]} Bb7 {[%clk 1:14:56]} 13. Nc3 {[%clk 1:25:06]} h6
{[%clk 1:09:47]} 14. Qc2 {[%clk 1:16:25]} exd4 {[%clk 1:08:47]} 15. Nxd4
{[%clk 1:16:47]} Ne5 {[%clk 1:09:14]} 16. Bb3 {[%clk 1:08:39]} c5
{[%clk 0:59:21]} 17. Nf5 {[%clk 1:08:02]} c4 {[%clk 0:59:43]} 18. Ba4
{[%clk 1:07:13]} Bc8 {[%clk 0:58:05]} 19. Nd4 {[%clk 0:50:13]} Bb7
{[%clk 0:55:49]} 20. Re2 {[%clk 0:45:23]} Nd3 {[%clk 0:53:06]} 21. Nc6
{[%clk 0:33:05]} Bxc6 {[%clk 0:46:35]} 22. Bxc6 {[%clk 0:33:22]} Rb8
{[%clk 0:46:57]} 23. Nd5 {[%clk 0:26:52]} Nxd5 {[%clk 0:45:32]} 24. Bxd5
{[%clk 0:25:52]} Bg5 {[%clk 0:44:53]} 25. Bxg5 {[%clk 0:09:35]} Qxg5
{[%clk 0:45:02]} 26. Bxc4 {[%clk 0:09:55]} Nf4 {[%clk 0:44:50]} 27. g3
{[%clk 0:10:20]} Nxe2+ {[%clk 0:45:07]} 28. Qxe2 {[%clk 0:10:46]} Qe5
{[%clk 0:45:24]} 29. Rb1 {[%clk 0:10:14]} Rfe8 {[%clk 0:35:09]} 30. Bxa6
{[%clk 0:08:43]} Qxe4 {[%clk 0:29:06]} 31. Qxe4 {[%clk 0:05:57]} Rxe4
{[%clk 0:29:30]} 32. a3 {[%clk 0:02:10]} Ra4 {[%clk 0:28:59]} 33. Bd3
{[%clk 0:02:29]} Rd4 {[%clk 0:29:21]} 34. Rd1 {[%clk 0:01:49]} g6
{[%clk 0:28:57]} 35. b4 {[%clk 0:00:59]} Ra8 {[%clk 0:29:07]} 36. Be2
{[%clk 0:00:56]} Rxd1+ {[%clk 0:29:31]} 37. Bxd1 {[%clk 0:01:22]} Rxa3
{[%clk 0:29:57]} 38. Kg2 {[%clk 0:01:20]} Rd3 {[%clk 0:29:38]} 39. Be2
{[%clk 0:01:05]} Rb3 {[%clk 0:30:02]} 40. b5 {[%clk 0:01:31]} d5 {[%clk 0:30:14]}
41. Kf1 {[%clk 0:30:11]} Kf8 {[%clk 0:59:53]} 42. Ke1 {[%clk 0:30:27]} Ke7
{[%clk 1:00:17]} 43. Kd2 {[%clk 0:30:40]} Kd6 {[%clk 0:59:37]} 44. Kc2
{[%clk 0:30:59]} Rb4 {[%clk 0:59:59]} 45. Kc3 {[%clk 0:31:24]} Ke5 46. Kd4+ 0-1

[Event "MCR zen 2023"]
[Site "?"]
[Date "2023.05.15"]
[Round "7.2"]
[White "Richterova, Natasa"]
[Black "Sikorova, Olga"]
[Result "1/2-1/2"]
[BlackElo "2158"]
[WhiteElo "2191"]
[LiveChessVersion "1.4.8"]

1. e4 {[%clk 1:30:58]} e6 {[%clk 1:30:50]} 2. d4 {[%clk 1:31:18]} d5
{[%clk 1:31:11]} 3. Nc3 {[%clk 1:31:44]} dxe4 {[%clk 1:31:31]} 4. Nxe4
{[%clk 1:32:09]} Nd7 {[%clk 1:31:52]} 5. Nf3 {[%clk 1:32:29]} Ngf6
{[%clk 1:32:13]} 6. Nxf6+ {[%clk 1:26:11]} Nxf6 {[%clk 1:32:34]} 7. g3
{[%clk 1:20:37]} b6 {[%clk 1:28:21]} 8. Bg2 {[%clk 1:17:08]} Bb7 {[%clk 1:28:22]}
9. O-O {[%clk 1:17:28]} Be7 {[%clk 1:25:57]} 10. c4 {[%clk 1:16:50]} O-O
{[%clk 1:25:27]} 11. Qe2 {[%clk 1:02:31]} Bd6 {[%clk 1:08:58]} 12. Rd1
{[%clk 0:50:25]} Qe7 {[%clk 1:08:46]} 13. b3 {[%clk 0:35:22]} Rfd8
{[%clk 1:02:13]} 14. Bb2 {[%clk 0:29:04]} a5 {[%clk 0:59:03]} 15. Ne5
{[%clk 0:26:36]} Bxg2 {[%clk 0:58:51]} 16. Kxg2 {[%clk 0:22:11]} Bxe5
{[%clk 0:57:48]} 17. Qxe5 {[%clk 0:21:03]} c6 {[%clk 0:50:48]} 18. a4
{[%clk 0:19:38]} Qd6 {[%clk 0:33:25]} 19. Qe3 {[%clk 0:15:22]} b5
{[%clk 0:32:02]} 20. axb5 {[%clk 0:14:39]} cxb5 {[%clk 0:32:25]} 21. Qf3
{[%clk 0:11:03]} a4 {[%clk 0:30:38]} 22. Bc1 {[%clk 0:01:17]} bxc4
{[%clk 0:20:47]} 23. bxc4 {[%clk 0:01:38]} Qb4 {[%clk 0:20:30]} 24. Bg5
{[%clk 0:00:55]} Qxc4 {[%clk 0:20:16]} 25. Bxf6 {[%clk 0:01:21]} gxf6
{[%clk 0:20:41]} 26. Qxf6 {[%clk 0:01:41]} Qd5+ {[%clk 0:14:00]} 27. Qf3
{[%clk 0:01:33]} a3 {[%clk 0:12:21]} 28. Qxd5 {[%clk 0:00:57]} Rxd5
{[%clk 0:12:49]} 29. Ra2 {[%clk 0:00:43]} Ra4 {[%clk 0:12:14]} 30. Rd3
{[%clk 0:00:59]} Rda5 {[%clk 0:12:38]} 31. g4 {[%clk 0:00:41]} Kg7
{[%clk 0:11:58]} 32. Kg3 {[%clk 0:00:41]} Kg6 {[%clk 0:10:37]} 33. f4
{[%clk 0:00:58]} Ra6 {[%clk 0:10:08]} 34. h3 {[%clk 0:01:24]} h5 {[%clk 0:08:35]}
35. Kh4 {[%clk 0:00:47]} hxg4 {[%clk 0:08:11]} 36. hxg4 {[%clk 0:01:16]} R6a5
{[%clk 0:08:33]} 37. Kg3 {[%clk 0:01:36]} Kf6 {[%clk 0:08:55]} 38. Kf3
{[%clk 0:01:42]} Ke7 {[%clk 0:09:22]} 39. Ke4 {[%clk 0:01:11]} Kd6
{[%clk 0:09:35]} 40. g5 {[%clk 0:00:50]} Kc6 {[%clk 0:03:56]} 41. Rb3
{[%clk 0:30:07]} Kd6 {[%clk 0:22:19]} 42. Rd3 {[%clk 0:28:46]} e5
{[%clk 0:16:58]} 43. fxe5+ {[%clk 0:22:14]} Rxe5+ {[%clk 0:17:21]} 44. Kf4
{[%clk 0:20:55]} Rea5 {[%clk 0:17:43]} 45. Ke4 {[%clk 0:20:59]} Ke6
{[%clk 0:17:45]} 46. Kf4 {[%clk 0:08:55]} Kd5 {[%clk 0:17:28]} 47. Ke3
{[%clk 0:03:58]} Ra8 {[%clk 0:16:29]} 48. Rc3 {[%clk 0:03:05]} Re8+
{[%clk 0:11:14]} 49. Kf2 {[%clk 0:02:51]} Rea8 {[%clk 0:11:02]} 50. Ke3
{[%clk 0:03:20]} Rh8 {[%clk 0:10:19]} 51. Kf4 {[%clk 0:02:51]} Rxd4+
{[%clk 0:06:32]} 52. Kf5 {[%clk 0:03:05]} Re8 {[%clk 0:06:19]} 53. Rf3
{[%clk 0:03:08]} Kd6 {[%clk 0:01:41]} 54. Kf6 {[%clk 0:01:49]} Rg8
{[%clk 0:00:54]} 55. Rf5 {[%clk 0:00:45]} Ra4 {[%clk 0:00:41]} 56. Kxf7
{[%clk 0:00:49]} Raa8 {[%clk 0:00:59]} 57. Rd2+ {[%clk 0:00:42]} Kc6
{[%clk 0:01:26]} 58. Rc2+ {[%clk 0:01:09]} Kb6 {[%clk 0:01:50]} 59. Ra2
{[%clk 0:00:38]} Rgf8+ {[%clk 0:02:07]} 60. Kg6 {[%clk 0:00:55]} Rxf5 1/2-1/2